000 01343nam a2200313 i 4500
001 768714001
003 CO-MdFUSB
005 20240618062723.0
007 ta
008 220224t2006 gt a|||| |||| 00| 0 spa d
020 _a958828516x
040 _aCO-MdFUSB
_bspa
_cCO-MdFUSB
_dCO-MdFUSBC
_erda
041 _aspa
082 _223
_a266
_bJ661
100 _aJohnson, Dany,
_eautor
245 1 _a¡¡Socorro!! !Dios me está llamando a las misiones! :
_bun manual práctico de preparacion para el campo misionero.
_c/ Dany Johnson ; editado y revisado por Paul Mauger
250 _aTercera edición
264 1 _aGuatemala :
_bCentro de Educación Misionera en Centro América,
_c[2006]
264 4 _c© 2006
300 _a129 páginas
_c; 21 cm
336 _2rdacontent
_atexto
_btxt
337 _2rdamedia
_asin mediación
_bn
338 _2rdacarrier
_avolumen
_bnc
505 _aEl llamado. -- Vistazo a una preparación integral. -- Preparación académica y teológica. -- Moldeando el carácter. -- Servicio en la iglesia local. --La preparación transcultural. -- Cuestiones sentimentales. -- La soltería. -- La familia misionera. -- Escogiendo una agencia misionera. -- Las finanzas. -- Los obstáculos. -- La despedida. -- El principio.
563 _aRústico
650 0 _aMisiones
_9154
942 _cBK
945 _aJTF-925
999 _c67331
_d67331